Gabrielle : sin miedo a vivir = Gabrielle /

Сохранить в:
Библиографические подробности
Главный автор: Archambault, Louise (realización)
Другие авторы: Archambault, Louise (guión) (guión), Laverdière, Mathieu (fotógrafo) (fotógrafo), Comeau, Richard (montaje) (montaje), Lafontaine, François (música) (música), Marion-Rivard, Gabrielle (actuación) (actuación), Landry, Alexandre (actuación) (actuación), Désormeaux-Poulin, Mélissa (actuación) (actuación)
Формат: Перемещать
Язык:французский
Предметы:
Метки: Добавить метку
Нет меток, Требуется 1-ая метка записи!

MARC

LEADER 00000ngm^a2200000^a^4500
001 000361170
005 20250521000000.0
009 20260310115444.939
037 |a Acervo ITESO - Biblioteca 
041 |a FRA 
082 |a 819. 1  |b ARC 
100 |a Archambault, Louise  |e (realización) 
240 1 1 |a [Gabrielle: sin miedo a vivir] 
245 1 0 |a Gabrielle :  |b sin miedo a vivir = Gabrielle /  |c Realización de L. Archambault. 
264 2 |a México :  |b Zima Entertainment [distribución],  |c copyright fecha no identificada 
300 |a 1 DVD regiones 1 y 4  |c (102 min.) 
336 |a imagen móvil bidimensional  |b tdi  |2 rdacontenido 
337 |a video  |b v  |2 rdamedio 
338 |a videodisco  |b vd  |2 rdasoporte 
546 |a En francés, con subtítulos opcionales: español 
586 |a Premio Canadian Screen, de la Academia Canadiense de Cine y Televisión (2°: 2013): Mejor Película (ganadora) 
649 |a XX 
650 |a Discapacitados en el Cine 
650 |a Dramas Cinematográficos 
650 |a Cine de Mujeres -  |z Quebec, Canadá 
650 |a Cine de Mujeres -  |z Canadá 
650 |a Cine en Francés -  |z Canadá 
650 |a Cine Quebequense -  |y 2010-2019 
650 |a Cine Quebequense -  |y Siglo XXI 
650 |a Cine Canadiense -  |y 2010-2019 
650 |a Cine Canadiense -  |y Siglo XXI 
650 |a Autonomía Personal 
650 |a Discapacidad 
650 |a Música en el Cine 
700 |a Archambault, Louise  |e (guión) 
700 |a Laverdière, Mathieu  |e (fotógrafo) 
700 |a Comeau, Richard  |e (montaje) 
700 |a Lafontaine, François  |e (música) 
700 |a Marion-Rivard, Gabrielle  |e (actuación) 
700 |a Landry, Alexandre  |e (actuación) 
700 |a Désormeaux-Poulin, Mélissa  |e (actuación) 
910 |a Fondo General 
920 |a Audiovisuales - DVDs 
940 |a Películas 
905 |a 302 
901 |a 0500251322  |b IT2  |c DVS  |i C147992  |u 20250521 
902 |a https://opac.biblio.iteso.mx/vufind/Record/000361170